Philadelphia, May 21, 1776 : Gentlemen, We have, in a former letter to you, referred to the instructions given by the Assembly of this province to their delegates, and they are published in the votes of the House ...

Bibliographic Details
Corporate Authors: Philadelphia (Pa.). Committee of Inspection and Observation, Pennsylvania. General Assembly
Format: eBook
Language:English
Published: [Philadelphia] : [publisher not identified], [1776]
Series:Early American imprints. Evans (1639-1800) ; no. 43136.
Subjects:
Online Access:Evans Digital Edition

MARC

Tag First Indicator Second Indicator Subfields
LEADER 00000cam a22000001a 4500
001 in00002139885
006 m e d #
007 cr mn mmmmabba
008 820408s1776 pau s l000 0 eng d
005 20260331163231.3
035 |z w005594 
035 |a MAAR8204084103B 
035 |9 mwa91-47727 
035 |a 326601 
035 |a aas03005594 
040 |a MWA  |c MWA  |e bdrb  |d UtOrBLW 
110 1 |a Philadelphia (Pa.).  |b Committee of Inspection and Observation. 
245 1 0 |a Philadelphia, May 21, 1776 :  |b Gentlemen, We have, in a former letter to you, referred to the instructions given by the Assembly of this province to their delegates, and they are published in the votes of the House ... 
264 1 |a [Philadelphia] :  |b [publisher not identified],  |c [1776] 
300 |a 1 sheet (2 unnumbered pages) 
336 |a text  |b txt  |2 rdacontent 
337 |a computer  |b c  |2 rdamedia 
338 |a online resource  |b cr  |2 rdacarrier 
500 |a Letter from the Philadelphia Committee of Inspection and Observation, calling for a Provincial Conference of Committees and also a convention for the purpose of establishing a new government, as recommended by the Continental Congress. Followed by an account of a meeting of the inhabitants of Philadelphia held May 20, and "The protest of divers of the inhabitants of this province, in behalf of themselves and others. To the Honorable the representatives of the province of Pennsylvania." 
500 |a Text in two columns. 
510 4 |a Bristol  |c B4339 
510 4 |a Shipton & Mooney  |c 43136 
530 |a Microform version available in the Readex Early American Imprints series. 
533 |a Electronic text and image data.  |b [Chester, Vt. :  |c Readex, a division of Newsbank, Inc.,  |d 2002-2004.  |e Includes files in TIFF, GIF and PDF formats with inclusion of keyword searchable text.  |f (Early American imprints. First series ; no. 43136). 
500 |a Electronic resource. 
610 1 0 |a United States.  |b Continental Congress. 
610 1 0 |a Pennsylvania.  |b Provincial Conference of Committees. 
610 1 0 |a Pennsylvania.  |b Constitutional Convention  |d (1776) 
651 0 |a Pennsylvania  |x Politics and government  |y 1775-1783. 
710 1 |a Pennsylvania.  |b General Assembly. 
752 |a United States  |b Pennsylvania  |d Philadelphia. 
830 0 |a Early American imprints.  |n Series I,  |p Evans (1639-1800) ;  |v no. 43136. 
856 4 1 |u http://proxy.library.tamu.edu/login?url=https://opac.newsbank.com/select/evans/43136  |y Evans Digital Edition  |t 0 
999 |a MARS 
999 f f |s 0671e11b-2ff3-3205-adc9-39996f842fbb  |i e5c733a4-abf8-369e-963c-86db5aa448c6  |t 0 
952 f f |a Texas A&M University  |b College Station  |c Electronic Resources  |s www_evans  |d Available Online  |t 0  |h No information provided 
998 f f |t 0  |l Available Online